میری زندگی (Record no. 13560)
[ view plain ]
| 000 -LEADER | |
|---|---|
| fixed length control field | 00455nam a22001337a 4500 |
| 082 ## - DEWEY DECIMAL CLASSIFICATION NUMBER | |
| Classification number | 891.43 |
| Item number | ل ی و |
| 100 ## - MAIN ENTRY--AUTHOR NAME | |
| Personal name | لیون ٹراٹسکی |
| 245 ## - TITLE STATEMENT | |
| Title | میری زندگی |
| Remainder of title | آپ بیتی کی ایک کوشش |
| 260 ## - PUBLICATION, DISTRIBUTION, ETC. (IMPRINT) | |
| Place of publication | لاہور |
| Name of publisher | طبقاتی جدّوجہد پبلیکیشنز |
| Year of publication | ٢٠٠٤ |
| 300 ## - PHYSICAL DESCRIPTION | |
| Number of Pages | ٦١٨ صفحات |
| 650 ## - SUBJECT ADDED ENTRY--TOPICAL TERM | |
| Topical Term | Autobiography, Biography, meri zindagi, Lion tratski |
| 700 ## - ADDED ENTRY--PERSONAL NAME | |
| Personal name | Javed Shaheen(translator) |
| 942 ## - ADDED ENTRY ELEMENTS (KOHA) | |
| Koha item type | Books |
| Withdrawn status | Lost status | Collection code | Permanent Location | Current Location | Shelving location | Date acquired | Full call number | Accession Number | Koha item type |
|---|---|---|---|---|---|---|---|---|---|
| | | Urdu Literature | MAJU | MAJU | Shelf No.A11 | 2022-12-16 | 891.43 ل ی و | 10705 | Books |